000 00897nam a2200157 a 4500
008 120917s2012 ||||||||||||||||| || u
020 _a9789211541953
050 _aUNHCHR(02)
110 _aUnited Nations High Commissioner for Human Rights (UNHCHR)
245 1 0 _aInternational convention on the elimination of all forms of racial discrimination: selected decisions of the Committee on the Elimination of Racial Discrimination, volume I
_cby United Nations High Commission for Human Rights [UNHCHR]
260 _aNew York:
_bUnited Nations High Commissioner For Human Rights (UNHCHR)
_c2012
300 _a213p.: ill.
500 _aThirty-sixth to seventy-fifth sessions (August 1988 - August 2011)
650 _aRACE DISCRIMINATION--LAW AND LEGISLATION
995 _FCBU-MAIN LIBRARY (Kitwe)
_M1
_UAVAILABLE
_WMar 13, 2013
_ZInternational Publications
999 _c47329
_d47329